000 00487nam a2200193Ia 4500
003 OSt
005 20221007082745.0
006 a|||||r|||| 00| 0
007 ta
008 221006b |||||||| |||| 00| 0 eng d
024 _a22,921
037 _cDissertations
040 _aFLL
_cFLL
_beng
041 _2eng
_aeng
100 _aHossenian Mitra
_9699421
245 0 _aBasic features of fiar criminal trial
942 _cDIS
_2CC
999 _c1167633
_d1167633